000 00559nam a22002177a 4500
003 UA-OsUOA
001 44267
007 ta
008 20070219b un ||||| |||| 00| 0 ukr d
100 _aРомашова Н.
090 _a32
_bР-11
942 _cSA
040 _aUA-OsUOA
_bukr
_cUA-OsUOA
_dUA-OsUOA
245 _aІлюзорна ідилія. Чому Партія регіонів може поміняти лідера
300 _aС.4
955 _a0
041 _aukr
080 _a32
773 0 _w44266
650 7 _a32 Політика
_2UDC
999 _c330386
_d330386